00485pam a2200169 a 4500020002500000040002300025041001000048082001700058100001800075245008000093250001700173260005600190300001900246365001200265653001600277700002200293 c1476.00 (Hard Cover) aDental College Lib aengh a617.645bRAP aRapp, Robert. aColor Atlas of Clinical Conditions in Paedodontics / c.hTextual Documents a1st ed / b. aLondon : bWolfe Medical Publications Ltd , c1979. a542 ; c31x22. a1476.00 aPedodontics aWinter, Gerald B.